Costa Barcelona : Maresme, Baix Llobregat, Alt Penedès i Garraf Maresme, Baix Llobregat, Alt Penedès i Garraf
Publicado:
Barcelona :
Agència Catalana de Turisme, BCN+ Costa Barcelona, Diputació de Barcelona ,
2011
Descripción Física:
15 p. : fot. col. ; 29 cm
MARC
| LEADER | 00000nam a2200000Ia 4500 | ||
|---|---|---|---|
| 001 | 23451 | ||
| 008 | 160829s2011 xx 000 0 cat d | ||
| 080 | |a FU-60-14 | ||
| 245 | |a Costa Barcelona : |b Maresme, Baix Llobregat, Alt Penedès i Garraf | ||
| 250 | |a Ed. en castellà | ||
| 260 | |a Barcelona : |b Agència Catalana de Turisme, BCN+ Costa Barcelona, Diputació de Barcelona, |c 2011 | ||
| 300 | |a 15 p. : |b fot. col. ; |c 29 cm | ||
| 590 | |a Hi ha un altre exemplar en català amb R. 23450 | ||
| 650 | 0 | |a Turisme |z Catalunya |9 15688 | |
| 651 | 0 | |a Costa Daurada (Catalunya) |9 51055 | |
| 710 | 2 | |a Agència Catalana de Turisme |9 51579 | |
| 710 | 1 | |a Barcelona (Catalunya : Província). |b Diputació |9 52408 | |
| 901 | |a Arxiu | ||
| 942 | |n 1 | ||
| 952 | |0 0 |1 0 |4 0 |6 FU6014 |7 1 |9 54912 |a Arxiu |b Arxiu |d 2012-07-05 |l 0 |o FU-60-14 |p 23451 |r 2016-12-01 00:00:00 |w 2016-12-01 |y ARXIU | ||
| 999 | |c 58782 |d 58782 | ||